[Event "WYb14"]
[Site "Halkidiki GRE"]
[Date "2003.10.28"]
[Round "6"]
[White "Rohit,G"]
[Black "Azaladze,S"]
[Result "1-0"]
[WhiteElo "2346"]
[BlackElo "2224"]

1.e4 g6 2.d4 Bg7 3.Nc3 c6 4.Bc4 e6 5.Bb3 d5 6.Nf3 Nf6 7.Qe2 b6 8.Bg5 dxe4
9.Nxe4 h6 10.Bd2 a5 11.a4 Ba6 12.c4 O-O 13.Rd1 Nbd7 14.Nxf6+ Nxf6 15.O-O Rb8
16.Bf4 Rb7 17.Ne5 Qc8 18.Rfe1 Nd5 19.Bd2 Ne7 20.Qf3 Qc7 21.Bf4 Qc8 22.Bc2 Ra7
23.Qh3 Kh7 24.Ng4 Ng8 25.b3 b5 26.c5 bxa4 27.bxa4 Bc4 28.Ne5 Bd5 29.Qc3 Nf6
30.Qd3 Qe8 31.Rb1 Nd7 32.Ng4 Nf6 33.Ne5 Nd7 34.Nc4 Bxc4 35.Qxc4 Nf6 36.Bd6 Rg8
37.h4 Kh8 38.Rb3 Nd5 39.h5 g5 40.Qe2 Bf8 41.Rb8 Qd7 42.Rxf8  1-0

[Event "LXVIII ch-ESP Abierto"]
[Site "Burgos ESP"]
[Date "2003.10.31"]
[Round "8"]
[White "Solana Suarez,E"]
[Black "Jimenez Villena,F"]
[Result "1/2-1/2"]
[WhiteElo "2348"]
[BlackElo "2240"]

1.e4 g6 2.d4 Bg7 3.Nc3 c6 4.f4 d5 5.e5 Nh6 6.Be2 f6 7.Nf3 Bg4 8.Be3 O-O 9.h3 Bxf3
10.Bxf3 fxe5 11.fxe5 e6 12.Qd2 Nf5 13.Bg5 Bh6 14.Bxd8 Bxd2+ 15.Kxd2 Rxd8
16.Ne2 c5 17.Bg4 cxd4 18.Bxf5 exf5 19.Nxd4 Nc6 20.Nf3 Rac8 21.Rad1 d4 22.Kc1 Nb4
23.Nxd4 Nxa2+ 24.Kb1 Nb4 25.c3 Nd5 26.Ne6 Rd7 27.Rhe1 Nb6 28.Nd4 Re8 29.e6 Rd6
30.g4 fxg4 31.hxg4 Nc8 32.Re5 Ne7 33.Rde1 a6 34.Kc2 Nc6 35.Nxc6 Rxc6 36.e7 h6
37.R1e4 Kf7 38.Kd3 b6 39.Ke3 Rc7 40.Rf4+ Kg7 41.Rfe4 Kf7 42.Rf4+ Kg7 43.Rfe4  1/2-1/2

[Event "FSIM November"]
[Site "Budapest HUN"]
[Date "2003.11.01"]
[Round "1"]
[White "Meszaros,T"]
[Black "Boguszlavszkij,J"]
[Result "1/2-1/2"]
[WhiteElo "2321"]
[BlackElo "2262"]

1.e4 g6 2.d4 Bg7 3.Nc3 c6 4.Bc4 d5 5.exd5 b5 6.Bb3 b4 7.Na4 cxd5 8.Ne2 Nf6
9.Bf4 O-O 10.Qd2 Nc6 11.f3 Ba6 12.O-O-O Na5 13.Rde1 Nxb3+ 14.axb3 Qa5 15.Kb1 Rfc8
16.Nc1 Bb5 17.Rxe7 Bxa4 18.bxa4 Qxa4 19.Nb3 a5 20.Bh6 Bxh6 21.Qxh6 Rxc2 22.Kxc2 Rc8+
23.Kb1 Qxb3 24.Qd2 Qa4 25.Ra7 Ne8 26.Rc1 Rxc1+ 27.Qxc1 Nd6 28.Qf4 Qd1+ 29.Qc1 Qxd4
30.Rxa5 Nc4 31.Ra8+ Kg7 32.Ka2 Qd3 33.b3 Ne3 34.Qc8 Qe2+ 35.Kb1 Qf1+ 36.Ka2 Qxg2+
37.Kb1 Qg1+ 38.Qc1 Nf1 39.Ra2 d4 40.Ka1 d3 41.Qb2+ Kh6 42.Qf2 Qh1 43.Qh4+ Kg7
44.Qd4+  1/2-1/2

[Event "TCh-BEL 2003-4"]
[Site "Belgium BEL"]
[Date "2003.11.02"]
[Round "3"]
[White "Dal Borgo,A"]
[Black "Van Hul,C"]
[Result "1/2-1/2"]
[WhiteElo "2198"]
[BlackElo "2199"]

1.d4 g6 2.e4 Bg7 3.Nc3 c6 4.f4 Qb6 5.Nf3 d5 6.e5 h5 7.Be2 Nh6 8.O-O Bg4 9.Na4 Qc7
10.Be3 Nd7 11.b3 Nf5 12.Bf2 e6 13.c4 Nb6 14.Nxb6 Qxb6 15.c5 Qc7 16.b4 O-O
17.a4 b6 18.Qd2 Rfb8 19.Rab1 bxc5 20.bxc5 Rb7 21.Qc2 Rab8 22.g3 Bxf3 23.Bxf3 Rb4
24.Rfd1 Qb7 25.Rxb4 Qxb4 26.h3 Qb3 27.Qxb3 Rxb3 28.Kg2 Rb2 29.Kg1 h4 30.g4 Ng3
31.Rd3  1/2-1/2

[Event "TCh-BEL 2003-4"]
[Site "Belgium BEL"]
[Date "2003.11.02"]
[Round "3"]
[White "Diepeveen,V"]
[Black "Leenhouts,K"]
[Result "1-0"]
[WhiteElo "2276"]
[BlackElo "2292"]

1.e4 g6 2.d4 Bg7 3.Nc3 c6 4.Bc4 d5 5.exd5 b5 6.Bb3 b4 7.Nce2 cxd5 8.a3 bxa3
9.Rxa3 Nf6 10.Nf3 O-O 11.O-O Nc6 12.Ne5 Bb7 13.Nxc6 Bxc6 14.Nc3 Kh8 15.Be3 Qd7
16.f3 Rfb8 17.Na4 Bxa4 18.Bxa4 Qd6 19.Ra2 Nd7 20.b3 Nf8 21.Qd2 Ne6 22.c3 a5
23.Bf2 Rc8 24.Rd1 Ra7 25.Bb5 Qb8 26.c4 a4 27.bxa4 dxc4 28.d5 c3 29.Qc1 Nd4
30.Rxd4 Bxd4 31.Bxd4+ f6 32.Rc2 Rac7 33.Bc6  1-0

[Event "ch-UKR"]
[Site "Simferopol UKR"]
[Date "2003.11.09"]
[Round "6"]
[White "Matjushin,G"]
[Black "Yarmysty,M"]
[Result "1-0"]
[WhiteElo "2416"]
[BlackElo "2279"]

1.e4 g6 2.d4 Bg7 3.Nc3 c6 4.f4 Qb6 5.Nf3 d6 6.h3 Nd7 7.Bc4 e5 8.dxe5 dxe5
9.Qd6 Nh6 10.Nxe5 Qd8 11.O-O Qh4 12.Nf3 Qh5 13.Be3 Bf8 14.Qd4 Rg8 15.Ng5 Be7
16.Qd2 Qh4 17.Bf2 Bc5 18.Bxc5 Nxc5 19.Qe3 Ne6 20.g3 Qh5 21.Be2 Nxg5 22.fxg5  1-0

[Event "FSIM November"]
[Site "Budapest HUN"]
[Date "2003.11.10"]
[Round "10"]
[White "Guid,M"]
[Black "Boguszlavszkij,J"]
[Result "1-0"]
[WhiteElo "2222"]
[BlackElo "2262"]

1.e4 g6 2.d4 Bg7 3.Nc3 c6 4.Nf3 d5 5.h3 Nf6 6.Bd3 dxe4 7.Nxe4 Nxe4 8.Bxe4 Bf5
9.Qd3 Bxe4 10.Qxe4 Qd5 11.Qe2 e6 12.c4 Qd6 13.O-O O-O 14.Bg5 Na6 15.Rfd1 Rfe8
16.Bh4 Nc7 17.Rd3 Rac8 18.Bg3 Qf8 19.Rb3 b5 20.Bxc7 Rxc7 21.cxb5 cxb5 22.Qxb5 Rec8
23.Qb4 Qxb4 24.Rxb4 Bf8 25.Rb3 Bd6 26.g3 Rc2 27.Rd1 Bc7 28.Ne1 Rc4 29.Rbd3 Rd8
30.b3 Rc6 31.Kf1 Bb6 32.Ke2 Rd5 33.f4 Ba5 34.a3 f6 35.Ke3 Bb6 36.Ke4 h5 37.Nf3 Kg7
38.h4 Kf7 39.Nd2 f5+ 40.Ke3 Rxd4 41.Rxd4 Rc3+ 42.Ke2 Bxd4 43.Nc4 Bc5 44.Ne5+ Ke8
45.b4 Re3+ 46.Kf1 Be7 47.Rd3 Rxd3 48.Nxd3 Bd6 49.Ne5 Bxe5 50.fxe5 Kd7 51.Ke2 Kc6
52.Ke3 Kb5 53.Kd4 Ka4 54.Kc5 Kxa3 55.b5 g5 56.hxg5 f4 57.gxf4 h4 58.g6 h3
59.g7 h2 60.g8=Q h1=Q 61.Qxe6 Qc1+ 62.Qc4 Qg1+ 63.Kd5 Qd1+ 64.Kc6 Qh1+ 65.Kd6 Qd1+
66.Qd5 Qf1 67.Qc5+ Ka4 68.Qxa7+ Kxb5 69.Qd7+ Kb6 70.f5 Qd3+ 71.Ke7 Qg3 72.f6 Qh4
73.e6 Ka6 74.Qc6+ Ka7 75.Qc7+ Ka6 76.Qe5 Ka7 77.Kd7 Qa4+ 78.Kd8 Kb7 79.Qc7+ Ka6
80.Qc8+ Kb6 81.Qb8+ Kc6 82.Qc7+  1-0

[Event "TCh-SLO"]
[Site "Celje SLO"]
[Date "2003.11.21"]
[Round "6"]
[White "Mikhalchishin,A"]
[Black "Sebenik,M"]
[Result "1/2-1/2"]
[WhiteElo "2522"]
[BlackElo "2430"]

1.d4 g6 2.e4 Bg7 3.Nc3 c6 4.Nf3 d5 5.Bf4 dxe4 6.Nxe4 Bf5 7.Qe2 Bxe4 8.Qxe4 Nf6
9.Qd3 Qa5+ 10.Qd2 Qxd2+ 11.Bxd2 Nbd7 12.a4 O-O 13.O-O-O Rfe8 14.Bc4  1/2-1/2

[Event "Cultural Village"]
[Site "Wijk aan Zee NED"]
[Date "2003.11.24"]
[Round "1"]
[White "Ris,R"]
[Black "Bottema,To"]
[Result "1/2-1/2"]
[WhiteElo "2297"]
[BlackElo "2305"]

1.d4 g6 2.e4 Bg7 3.Nc3 c6 4.f4 Qb6 5.Nf3 d5 6.e5 Bg4 7.Be2 e6 8.O-O Ne7 9.Na4 Qc7
10.Be3 Nd7 11.b3 Bf8 12.c4 Nb6 13.Nb2 Nf5 14.Qd3 Nxe3 15.Qxe3 Rd8 16.c5 Nc8
17.h3 Bxf3 18.Rxf3 h5 19.g4 hxg4 20.hxg4 Qe7 21.Rh3 Rxh3 22.Qxh3 Bg7 23.Qh7 Qf8
24.Kf2 Qh8 25.Qxh8+ Bxh8 26.Rh1 Bg7 27.Rh7 Kf8 28.Nd1 Ne7 29.b4  1/2-1/2

[Event "83rd NY Masters"]
[Site "New York USA"]
[Date "2003.11.25"]
[Round "1"]
[White "Hess,Ro"]
[Black "Bonin,J"]
[Result "0-1"]
[WhiteElo "2132"]
[BlackElo "2339"]

1.e4 g6 2.d4 Bg7 3.Nc3 c6 4.f4 d5 5.e5 h5 6.Nf3 Bg4 7.Be2 e6 8.Be3 Nh6 9.Bf2 Nf5
10.g3 h4 11.Nxh4 Bxe2 12.Qxe2 Nxh4 13.gxh4 Bf8 14.O-O-O Qa5 15.Be1 Qa6 16.Qe3 Nd7
17.Kb1 Nb6 18.b3 Rc8 19.Ne2 Be7 20.Ng1 c5 21.Nf3 c4 22.Bc3 Qb5 23.Ka1 Qc6
24.Bb2 c3 25.Bc1 a5 26.Rdg1 a4 27.f5 gxf5 28.Rg7 Ra8 29.Ng5 axb3 30.cxb3 Kd7
31.Nxf7 Rxa2+ 32.Kxa2 Ra8+ 33.Kb1 c2+ 34.Kb2 Ba3+  0-1

[Event "Open Bali A"]
[Site "Benidorm ESP"]
[Date "2003.11.26"]
[Round "7"]
[White "Babataeva,I"]
[Black "Jimenez Villena,F"]
[Result "0-1"]
[WhiteElo "2112"]
[BlackElo "2240"]

1.e4 g6 2.d4 Bg7 3.Nc3 c6 4.Nf3 d5 5.h3 dxe4 6.Nxe4 Nh6 7.c3 O-O 8.Bd3 Qc7
9.Ng3 c5 10.Be3 cxd4 11.cxd4 Nc6 12.Qc1 Nf5 13.Nxf5 Bxf5 14.Bxf5 Qa5+ 15.Qd2 Qxf5
16.O-O Rfd8 17.Rfd1 Rd5 18.Qc3 Rad8 19.Rd2 h5 20.Rad1 Bf6 21.Kf1 a6 22.Ke2 Kg7
23.a3 Qd7 24.Ne5 Nxe5 25.dxe5 Qb5+ 26.Ke1 Bxe5 27.Bd4 Rxd4 28.Rxd4 Rxd4 29.Rxd4 Qb6  0-1

[Event "TCh-AUT 2003-4"]
[Site "Graz AUT"]
[Date "2003.11.28"]
[Round "1"]
[White "Watzka,H"]
[Black "Kleissl,H"]
[Result "1-0"]
[WhiteElo "2338"]
[BlackElo "2311"]

1.e4 g6 2.d4 Bg7 3.Nc3 c6 4.Be3 d5 5.Qd2 a6 6.Nf3 b5 7.Bd3 b4 8.Ne2 a5 9.O-O dxe4
10.Bxe4 Nf6 11.Ng3 Nxe4 12.Nxe4 O-O 13.Bh6 Be6 14.Bxg7 Kxg7 15.a3 Bd5 16.Rfe1 bxa3
17.Rxa3 Nd7 18.Qe3 h6 19.b3 Nf6 20.Ned2 Re8 21.Ne5 Qc7 22.c4 Be6 23.f4 Red8
24.Ndf3 Nd7 25.Nxg6 Kxg6 26.f5+ Bxf5 27.Nh4+ Kf6 28.Qxe7+  1-0

[Event "VIII Mirko Srajber Mem"]
[Site "Subotica SCG"]
[Date "2003.11.29"]
[Round "2"]
[White "Parligras,M"]
[Black "Sanduleac,V"]
[Result "1-0"]
[WhiteElo "2525"]
[BlackElo "2480"]

1.e4 g6 2.d4 Bg7 3.Nc3 c6 4.Nf3 d5 5.h3 dxe4 6.Nxe4 Bf5 7.Ng3 Be6 8.c3 Nf6
9.Ng5 Bc8 10.Bc4 O-O 11.O-O Nbd7 12.Qb3 Qe8 13.Re1 Nb6 14.Bf1 Qd8 15.a4 Nbd5
16.a5 Qc7 17.Bd2 Nf4 18.Nf3 Ne6 19.Bc4 Qd6 20.Ne5 Nd5 21.Ne4 Qc7 22.Bxd5 cxd5
23.Qxd5 Rd8 24.Qb5 a6 25.Qb4 Bxe5 26.dxe5 Rd5 27.c4 Rxe5 28.Bc3 Rf5 29.Rad1 f6
30.Rd5 Kf7 31.Red1 Qf4 32.Rxf5 gxf5 33.Ng3 Qg5 34.c5 f4 35.Ne4 Qh5 36.Rd3 Qe2
37.Qc4 f3 38.Ng3 Qc2 39.Rxf3 Bd7 40.Nf5 Rc8 41.Nd6+ exd6 42.Rxf6+ Ke7 43.Rxe6+ Bxe6
44.Bf6+ Kxf6 45.Qxc2 Rxc5 46.Qxh7  1-0

[Event "Kurent Women"]
[Site "Ptuj SLO"]
[Date "2003.12.03"]
[Round "6"]
[White "Mihevc,N"]
[Black "Lakos,N"]
[Result "0-1"]
[WhiteElo "2145"]
[BlackElo "2370"]

1.e4 g6 2.d4 Bg7 3.Nc3 c6 4.Bc4 d6 5.Nf3 Nf6 6.O-O O-O 7.a3 b5 8.Bd3 Nfd7
9.Be3 a6 10.Qd2 c5 11.Bh6 cxd4 12.Bxg7 Kxg7 13.Nxd4 Bb7 14.h4 e5 15.Nf3 Nf6
16.Rad1 Nbd7 17.b4 Rc8 18.Rfe1 Qc7 19.Nb1 d5 20.exd5 Bxd5 21.Ng5 Ba2 22.Re3 Nd5
23.Rf3 Nf4 24.c3 h6 25.Qxa2 hxg5 26.hxg5 Qc6 27.Qd2 Nb6 28.Qe3 Rce8 29.Be4 Qe6
30.Re1 Nc4 31.Qc1 Qg4 32.Rg3 Ne2+ 33.Rxe2 Qxe2 34.Bd3 Qb2  0-1

[Event "VIII Mirko Srajber Mem"]
[Site "Subotica SCG"]
[Date "2003.12.04"]
[Round "7"]
[White "Sedlak,N"]
[Black "Sanduleac,V"]
[Result "0-1"]
[WhiteElo "2543"]
[BlackElo "2480"]

1.e4 g6 2.d4 Bg7 3.Nc3 c6 4.h4 d5 5.e5 f6 6.h5 fxe5 7.dxe5 Bxe5 8.Nf3 Qd6
9.Nxe5 Qxe5+ 10.Be3 Bf5 11.g4 Be4 12.Bd4 Qf4 13.Rh3 Nf6 14.f3 gxh5 15.fxe4 hxg4
16.Re3 O-O 17.Ne2 Qg5 18.Qd3 e5 19.Bc5 Rf7 20.exd5 Nbd7 21.Bd6 Nxd5 22.Rg3 Qf6
23.Rxg4+ Kh8 24.O-O-O Qxd6 25.Qh3 Qc5 26.Rg3 Rg8 27.Rxg8+ Kxg8 28.Qe6 Nf8
29.Qg4+ Kh8 30.Qe4 Qe3+  0-1

[Event "Open"]
[Site "Santo Domingo DOM"]
[Date "2003.12.05"]
[Round "10"]
[White "Socko,B"]
[Black "Hennigan,M"]
[Result "1-0"]
[WhiteElo "2547"]
[BlackElo "2434"]

1.e4 g6 2.d4 Bg7 3.Nc3 c6 4.Nf3 d6 5.a4 Nd7 6.Bc4 d5 7.exd5 Nb6 8.Qe2 cxd5
9.Bb5+ Bd7 10.a5 Nc4 11.Bxd7+ Qxd7 12.b3 Nd6 13.Nxd5 Nf5 14.c4 Nxd4 15.Nxd4 Bxd4
16.Bb2 Bxb2 17.Qxb2 f6 18.O-O Kf7 19.Rad1 Qc6 20.Qd4 Nh6 21.Nxe7 Kxe7 22.Qe3+ Kf7
23.Qxh6 Rae8 24.Rfe1 Rxe1+ 25.Rxe1 Qc5 26.Qd2 Re8 27.Qd7+ Re7 28.Rxe7+ Qxe7
29.Qxe7+ Kxe7 30.f4 g5 31.g3  1-0

[Event "VIII Mirko Srajber Mem"]
[Site "Subotica SCG"]
[Date "2003.12.06"]
[Round "9"]
[White "Predojevic,B"]
[Black "Sanduleac,V"]
[Result "1/2-1/2"]
[WhiteElo "2462"]
[BlackElo "2480"]

1.e4 g6 2.d4 Bg7 3.Nc3 c6 4.Bc4 d6 5.Nf3 Nf6 6.e5 dxe5 7.Nxe5 O-O 8.O-O Nbd7
9.Bg5 Nb6 10.Bb3 Nfd5 11.Nxd5 Nxd5 12.Bh4 Be6 13.Re1 Nc7 14.c3 Bf6 15.Bxf6 exf6
16.Nd3 Kg7 17.Bxe6 Nxe6 18.Qb3 Qd7 19.Re3 b6 20.Rae1 Rfe8 21.Qc4 h5 22.h3 Rad8
23.Nb4 c5 24.dxc5 Nxc5 25.Nc2 Rxe3 26.Nxe3 Qe6 27.Kf1 Rd2 28.Re2 Rd1+ 29.Re1 Rd2
30.Re2  1/2-1/2

[Event "22nd SEA Games Standard w"]
[Site "Ho Chi Minh City VIE"]
[Date "2003.12.08"]
[Round "1"]
[White "Hui,S"]
[Black "Le Thi Phuong Lien"]
[Result "0-1"]
[WhiteElo "1982"]
[BlackElo "2208"]

1.e4 g6 2.d4 Bg7 3.Nc3 c6 4.Nf3 d5 5.Be3 Bg4 6.Be2 e6 7.Qd2 Ne7 8.h3 Bxf3
9.Bxf3 Nd7 10.Bh6 Bxh6 11.Qxh6 Qb6 12.Qe3 O-O-O 13.O-O-O Rhf8 14.Qh6 Qc7
15.h4 Nb6 16.b3 dxe4 17.Bxe4 e5 18.h5 Rfe8 19.hxg6 hxg6 20.Qg7 f5 21.Bf3 e4
22.Be2 Qf4+ 23.Rd2 Qxf2 24.Bc4 Qg3 25.Rh3 Qd6 26.Bf7 Rf8 27.Rh7 Nd7 28.d5 e3
29.Rd3 Nxd5 30.Nxd5 cxd5 31.Rxd5 Qf6 32.Bxg6 e2 33.Kd2 e1=Q+ 34.Kxe1 Qe6+
35.Re5 Qxe5+ 36.Qxe5 Nxe5 37.Bh5 Rh8  0-1

[Event "22nd SEA Games Standard w"]
[Site "Ho Chi Minh City VIE"]
[Date "2003.12.09"]
[Round "3"]
[White "Lumongdong,L"]
[Black "Ibrahim,EH1"]
[Result "1-0"]
[WhiteElo "2150"]
[BlackElo "2033"]

1.e4 g6 2.d4 Bg7 3.Nc3 c6 4.Nf3 d5 5.h3 dxe4 6.Nxe4 Bf5 7.Ng3 Nf6 8.Nxf5 Qa5+
9.Bd2 Qxf5 10.Bd3 Qd5 11.O-O O-O 12.Re1 e6 13.c4 Qd8 14.Bg5 Nbd7 15.Qd2 c5
16.Rad1 cxd4 17.Nxd4 Nc5 18.Bb1 a6 19.Qf4 Qb8 20.Qh4 Nh5 21.Nf3 e5 22.Be7 Rc8
23.Bd6 Bf6 24.Ng5 Qa7 25.Bxe5 Bxe5 26.Rxe5 f6 27.Re7 fxg5 28.Qxg5 Rd8 29.Rxd8+ Rxd8
30.Qh6 Rd1+ 31.Kh2 Qb8+ 32.g3  1-0

[Event "6th Open"]
[Site "Tanta City EGY"]
[Date "2003.12.09"]
[Round "3"]
[White "Karlovich,A"]
[Black "Ibrahim,H"]
[Result "1/2-1/2"]
[WhiteElo "2296"]
[BlackElo "2274"]

1.e4 g6 2.d4 Bg7 3.Nc3 c6 4.Nf3 d5 5.h3 dxe4 6.Nxe4 Nd7 7.Bc4 Ngf6 8.Ng3 O-O
9.O-O b6 10.Re1 Bb7 11.Qe2 e6 12.Bf4 Qc8 13.Bd6 Re8 14.Rad1 a6 15.Ne5 b5
16.Bb3 c5 17.c4 cxd4 18.cxb5 Nxe5 19.Bxe5 axb5 20.Rc1 Qd8 21.Rcd1 Qb6 22.Rxd4 Rad8
23.Rxd8 Rxd8 24.Rc1 Rc8 25.Rxc8+ Bxc8 26.Qd3 Bb7 27.Qd4 Qc6 28.f3 Bf8 29.Qd8 Nd7
30.Bd4 Qd6 31.Bf2 Nc5 32.Qxd6 Bxd6 33.Bc2 f5 34.Ne2 b4 35.Nf4 Ba6 36.h4 e5
37.Nd5 Nd3 38.Bxd3 Bxd3 39.Be1 Bc5+ 40.Bf2 Bd6 41.Be1 Bc5+ 42.Bf2  1/2-1/2

[Event "6th Open"]
[Site "Tanta City EGY"]
[Date "2003.12.10"]
[Round "4"]
[White "Abdel Fadil,M"]
[Black "Ibrahim,H"]
[Result "0-1"]
[WhiteElo "2204"]
[BlackElo "2274"]

1.e4 g6 2.d4 Bg7 3.Nc3 c6 4.Be3 d5 5.exd5 cxd5 6.Nf3 Nc6 7.Bb5 Bg4 8.h3 Bxf3
9.Qxf3 Nf6 10.a3 O-O 11.O-O a6 12.Ba4 b5 13.Bb3 e6 14.Rad1 Na5 15.Ba2 Nd7
16.Ne2 Nc4 17.Bc1 a5 18.b3 Nd6 19.c3 Nb6 20.Nf4 Qc7 21.Bb2 a4 22.b4 Nbc4
23.Bc1 Ne4 24.Rfe1 Rac8 25.Rd3 Ncd6 26.Ne2 Qe7 27.g3 Rc6 28.Qg2 Rfc8 29.Bb2 Nc4
30.Bc1 Ncd6 31.Bb2 Qa7 32.Kh2 Nc4 33.Bc1 Ncd6 34.Bb2 Bh6 35.f4 Bg7 36.Qf3 Qc7
37.Kg2 Nf5 38.Bb1 Nexg3 39.Kh2 Nxe2 40.Rxe2 Bh6 41.Rf2 Nd6 42.Rd1 f5 43.Qe2 Ne4
44.Bxe4 fxe4 45.Qxb5 Bxf4+ 46.Kh1 Be3 47.Rg2 Qf4 48.Rf1 Qh4 49.Kh2 Bf4+ 50.Kg1 Rxc3
51.Bxc3 Rxc3 52.Qe8+ Kg7 53.Qd7+ Kh6 54.Qf7 Be3+ 55.Kh1 Bxd4 56.Qxe6 Rxa3
57.Rh2 Ra1 58.Rxa1 Bxa1 59.Rg2 Bd4 60.Qxd5  0-1

[Event "87th Marshall CCC"]
[Site "New York USA"]
[Date "2003.12.11"]
[Round "5"]
[White "Stripunsky,A"]
[Black "Bonin,J"]
[Result "1/2-1/2"]
[WhiteElo "2530"]
[BlackElo "2339"]

1.d4 g6 2.e4 Bg7 3.Nc3 c6 4.Nf3 d5 5.h3 Nh6 6.Bd3 f6 7.O-O Nf7 8.Ne2 e5 9.dxe5 fxe5
10.c3 O-O 11.Ng3 Be6 12.Re1 Nd7 13.Be3 Qc7 14.Bc2 Kh8 15.Qe2 b6 16.Rad1 Nf6
17.Bc1 Rae8 18.Bb3 Bc8 19.Nh2 Bb7 20.h4 Nd6 21.exd5 cxd5 22.h5 gxh5 23.Nxh5 Nxh5
24.Qxh5 Qc5 25.Be3 d4 26.Bc2 Be4 27.Bxe4 Nxe4 28.Bh6 Nxf2 29.Bxg7+ Kxg7 30.b4 Qc4
31.Rxe5 Nxd1 32.Rxe8 Rxe8 33.Qxe8 Ne3 34.Qe5+ Kf7 35.Qf4+ Ke7 36.Qe4+ Kd6
37.cxd4 Qe2 38.Qe5+ Kc6 39.b5+ Kd7 40.Qg7+ Kd6 41.Nf3 h5 42.Qg6+ Kc7 43.Kh2 Qxb5
44.Ne5 Qd5 45.Qg7+ Kc8 46.Qf8+ Kc7 47.Qe7+ Kc8 48.Nf3 Nf5 49.Qe8+ Qd8 50.Qxh5 Qd6+
51.Kg1 Qf4 52.Qe8+ Kb7 53.Qd7+ Kb8 54.Qd8+ Kb7 55.Qd5+ Kc7 56.Qe5+ Qxe5 57.dxe5 Kc6
58.Kf2 Kd5 59.g4 Ne7 60.Kg3 Ng6 61.g5 Nxe5 62.Nxe5 Kxe5 63.Kg4 Ke6 64.Kh5 Kf7
65.Kh6 Kg8 66.Kg6 b5 67.Kf6 b4 68.Ke5 a5  1/2-1/2

[Event "2nd Women's Masters"]
[Site "Belfort FRA"]
[Date "2003.12.15"]
[Round "1"]
[White "Muller,A"]
[Black "Klinova,M"]
[Result "1/2-1/2"]
[WhiteElo "2229"]
[BlackElo "2378"]

1.e4 g6 2.d4 c6 3.Nc3 Bg7 4.Nf3 d6 5.Bc4 Nf6 6.Bb3 O-O 7.O-O Qc7 8.h3 e5
9.Re1 b5 10.a3 a6 11.dxe5 dxe5 12.Be3 Nbd7 13.Qe2 Bb7 14.Rad1 Rfe8 15.Rd2 h6
16.Red1 c5 17.Bd5 Rac8 18.Nh2 Nb6 19.Ng4 Nfxd5 20.Nxd5 Bxd5 21.exd5 Nc4 22.d6 Qd7
23.Rd5 Nxb2 24.Rb1 Nc4 25.Bxc5 Rxc5 26.Rxc5 Qxd6 27.Rxc4 bxc4 28.Qxc4 Qxa3
29.Qc6 Rd8 30.Ne3 Qd6 31.Qc4 a5 32.Rb7 Rf8 33.Qb5 Qd2 34.Ra7 e4 35.Qxa5 Qc1+
36.Kh2 Bd4 37.Ra8 Bxe3 38.Rxf8+ Kxf8 39.fxe3 Qxe3 40.Qa8+ Kg7 41.Qa1+ Kh7
42.Qf6 Kg8 43.Qe5 g5 44.Qe8+ Kg7 45.Qe5+ Kg6 46.Qd6+ f6 47.Qf8 Qf4+ 48.Kg1 Qc7
49.Qe8+ Kf5 50.Qb5+ Ke6 51.Qe8+ Kd5 52.Qg8+ Ke5 53.Qb3 Qc5+ 54.Kf1 h5 55.c4 h4
56.Qc3+ Ke6 57.Qc2 f5 58.Qb3 g4 59.hxg4 fxg4 60.Qc2 Qe3 61.Qa4 Qd3+ 62.Ke1 Qe3+
63.Kf1 Qd3+ 64.Ke1 Qd7 65.Qa6+ Kf5 66.Qa8 Qd6 67.Qc8+ Kf4 68.c5 Qf6 69.Qb8+ Qe5
70.Qf8+ Kg3 71.Qf2+ Kh2 72.g3+ Kh3 73.Qf1+ Kxg3 74.Qf2+ Kh3 75.Qf1+ Kh2 76.Qf2+ Kh3
77.Qh2+ Kxh2  1/2-1/2

[Event "ch-IND National A"]
[Site "Calicut IND"]
[Date "2003.12.16"]
[Round "18"]
[White "Prathamesh,S"]
[Black "Koneru,H"]
[Result "1/2-1/2"]
[WhiteElo "2379"]
[BlackElo "2485"]

1.e4 g6 2.d4 Bg7 3.Nc3 c6 4.Be3 d6 5.a4 Nf6 6.h3 Nbd7 7.Bc4 d5 8.exd5 Nb6
9.Bb3 Nbxd5 10.Nxd5 Nxd5 11.Nf3 c5 12.c3 Nxe3 13.fxe3 Qd6 14.O-O Be6 15.Ng5 c4
16.Ba2 Qg3 17.Nxe6 Qxe3+ 18.Rf2 Qxe6 19.Qf1 Rc8 20.Re1 Qd5 21.Bb1 e5 22.Be4 Qd7
23.dxe5 O-O 24.Bf3 Rc5 25.Rfe2 Qxa4 26.e6 fxe6 27.Rxe6 Rc7 28.Re7 Qa5 29.Kh1 Qc5
30.Rxc7 Qxc7 31.Re4 b5 32.Qe2 Bf6 33.Re8 Qd7 34.Re6 Qd3 35.Qxd3 cxd3 36.Rd6 b4  1/2-1/2

[Event "6th Open"]
[Site "Tanta City EGY"]
[Date "2003.12.16"]
[Round "9"]
[White "Abdelnabbi,I"]
[Black "Ibrahim,H"]
[Result "1-0"]
[WhiteElo "2484"]
[BlackElo "2274"]

1.e4 g6 2.d4 Bg7 3.Nc3 c6 4.Bc4 d6 5.Bb3 e6 6.Nce2 d5 7.e5 c5 8.c3 Bd7 9.f4 Ne7
10.Bc2 cxd4 11.Nxd4 Nbc6 12.Ngf3 Nxd4 13.Nxd4 Nc6 14.Be3 Nxd4 15.Bxd4 O-O
16.O-O f6 17.exf6 Bxf6 18.Re1 Bxd4+ 19.Qxd4 Qf6 20.Qxf6 Rxf6 21.g3 Raf8 22.Re5 Rc8
23.Rd1 Rc4 24.Rd2 b5 25.Bd3 Rc7 26.Kf2 Rf8 27.h4 Kg7 28.h5 Rb8 29.Ke3 a5
30.g4 Rbb7 31.Kd4 b4 32.c4 dxc4 33.Bxc4 Rb6 34.b3 Rd6+ 35.Ke3 Rxd2 36.Kxd2 a4
37.hxg6 hxg6 38.Bxe6 axb3 39.axb3 Bxe6 40.Rxe6 Rd7+ 41.Ke3 Rd1 42.Re4 g5
43.Rxb4 gxf4+ 44.Kxf4 Rd7 45.Rc4 Rb7 46.b4 Rb5 47.Ke3 Kf6 48.Re4 Rd5 49.Rd4 Rb5
50.Kd3 Ke5 51.Kc3 Rb8 52.Rc4 Kd6 53.g5 Rg8 54.Rg4 Rg6 55.Kd4 Ke6 56.Kc5 Kd7
57.Rd4+ Kc7 58.Rd5 Re6 59.Rf5 Rg6 60.b5  1-0

[Event "Open"]
[Site "Lilie Litomysl CZE"]
[Date "2003.12.31"]
[Round "8"]
[White "Stehno,P"]
[Black "Karlik,V"]
[Result "0-1"]
[WhiteElo "2310"]
[BlackElo "2296"]

1.e4 g6 2.d4 Bg7 3.Nc3 c6 4.h3 d5 5.e5 f6 6.Nf3 Nh6 7.Bd3 Nf7 8.exf6 exf6
9.O-O O-O 10.Bf4 Nd7 11.h4 f5 12.Ne2 Nf6 13.Qc1 Ne4 14.c3 Bf6 15.g3 Re8 16.Ne1 Kg7
17.f3 Ned6 18.Ng2 h6 19.Bxd6 Qxd6 20.Qf4 Qe7 21.Rae1 Bd7 22.Qc7 Qd6 23.Qxb7 Reb8
24.Qa6 Rxb2 25.Rb1 Rd2 26.Rbd1 Rb2 27.Rb1 Rd2 28.Rfd1 Rxe2 29.Bxe2 Qxg3 30.f4 Qxc3
31.Qd3 Qxd3 32.Rxd3 Nd6 33.a4 Re8 34.Bf3 Bc8 35.Kf2 Ba6 36.Rdd1 Ne4+ 37.Bxe4 Rxe4
38.Kf3 Be2+ 39.Kf2 Bxd1 40.Rxd1 Rxd4 41.Rb1 Rxa4 42.Rb7+ Kf8 43.Rb8+ Kf7
44.Rb7+ Ke6 45.Rc7 Rc4  0-1

[Event "ch-AUS"]
[Site "Adelaide AUS"]
[Date "2004.01.08"]
[Round "9"]
[White "Smerdon,D"]
[Black "Jones,B"]
[Result "1/2-1/2"]
[WhiteElo "2427"]
[BlackElo "2176"]

1.e4 g6 2.d4 Bg7 3.Nc3 c6 4.Be3 d5 5.Qd2 dxe4 6.Nxe4 Nd7 7.Bc4 Nb6 8.Bb3 Nd5
9.Nf3 Nxe3 10.fxe3 Nh6 11.O-O O-O 12.h3 a5 13.a4 b6 14.Nfg5 e6 15.Qf2 f5
16.Nxe6 Bxe6 17.Bxe6+ Kh8 18.Nc3 Qd6 19.Bc4 f4 20.Ne2 fxe3 21.Qxe3 Nf5 22.Qd3  1/2-1/2

[Event "Welsh International"]
[Site "Newport WLS"]
[Date "2004.01.08"]
[Round "2"]
[White "Hebden,M"]
[Black "Piankov,E"]
[Result "1-0"]
[WhiteElo "2549"]
[BlackElo "2339"]

1.e4 g6 2.d4 Bg7 3.Nc3 c6 4.Nf3 d5 5.h3 a6 6.Bf4 Nf6 7.e5 Nfd7 8.Qd2 e6 9.Bh6 Bxh6
10.Qxh6 Qe7 11.O-O-O Qf8 12.Qe3 b5 13.h4 h5 14.Ng5 Nb6 15.Bd3 Qe7 16.Ne2 N8d7
17.Nf4 Nf8 18.Rh3 Bd7 19.Rf3 O-O-O 20.Qe1 Be8 21.Qa5 Kb7 22.Bf1 Ra8 23.Nd3 Nc4
24.Qb4 Qc7 25.Nc5+ Kc8 26.Bxc4 bxc4 27.b3 a5 28.Qd2 cxb3 29.cxb3 Nh7 30.Nxh7 Rxh7
31.Kb1 Ra7 32.Rc1 Qb6 33.Ka1 Rh8 34.g3 Qb4 35.Rfc3 Kb8 36.Qg5 Kc8 37.Qe3 Kd8
38.Na4 Ke7 39.Kb2 Kf8 40.Nc5 Qb6 41.Qg5 a4 42.Ka1 axb3 43.Rxb3 Qa5 44.Rc2 Kg8
45.Qd2 Qxd2 46.Rxd2 Kg7 47.Rb8 Bd7 48.Rxh8 Kxh8 49.Rb2 Kg7 50.Rb8 Rc7 51.Kb2 Bc8
52.f4 g5 53.fxg5 Kg6 54.a4 Kf5 55.Rb3 Ra7 56.Ka3 Kg4 57.Re3 Ra8 58.Nd3 Ba6
59.Nf2+ Kf5 60.Kb4 Bc4 61.Rf3+ Kg6 62.Nh3 c5+ 63.Kxc5 Rxa4 64.Rf6+ Kg7 65.Nf4 Ra5+
66.Kc6 Ra6+ 67.Kb7 Ra3 68.Nxh5+ Kg8 69.Nf4 Rxg3 70.g6 fxg6 71.Rxg6+ Rxg6
72.Nxg6 Kf7 73.Nf4 Bb3 74.Kc6 Ke7 75.h5 Bc2 76.Ng6+ Kf7 77.Kd6 Bf5 78.Nf4 Bg4
79.h6 Bf5 80.Nxe6  1-0

[Event "Welsh International"]
[Site "Newport WLS"]
[Date "2004.01.12"]
[Round "6"]
[White "Jones,RS"]
[Black "Piankov,E"]
[Result "1-0"]
[WhiteElo "2262"]
[BlackElo "2339"]

1.e4 g6 2.d4 Bg7 3.Nc3 c6 4.Nf3 d5 5.h3 a6 6.Bf4 Qb6 7.exd5 Qxb2 8.Na4 Qb4+
9.c3 Qa5 10.Qb3 b5 11.Nc5 Nf6 12.Bxb8 Rxb8 13.dxc6 O-O 14.Be2 Bf5 15.O-O Ne4
16.c7 Rbc8 17.Nxe4 Bxe4 18.a4 Qxc7 19.axb5 axb5 20.Ra3 Rb8 21.Qb4 Rfc8 22.Nd2 Bc6
23.Nb3 e5 24.Nc5 Bf8 25.Ra5 Qe7 26.Re1 Qg5 27.Bf1 e4 28.c4 bxc4 29.Qxc4 Bd6
30.Nb7 Bh2+ 31.Kxh2 Qf4+ 32.Kg1 Bxb7 33.Qa2 Rd8 34.d5 Ra8 35.Bc4 Qe5 36.Rxa8 Bxa8
37.Qa5 Re8 38.Ba2 Qd4 39.Qb5 Kf8 40.Qb3 Rd8 41.d6 Qf6 42.Rd1 Bc6 43.Qc4 Be8
44.Qxe4 Rxd6 45.Qb4 Ke7 46.Qc5 Ba4 47.Qa7+ Bd7 48.Qc5 Ba4 49.Qa7+ Bd7 50.Qa3 Be8
51.Qe3+ Kd8 52.Rb1 Bd7 53.Qc5 Ke7 54.Re1+ Be6 55.Bxe6 fxe6 56.Rd1 e5 57.Qc7+  1-0

[Event "ch-Kiev"]
[Site "Kiev UKR"]
[Date "2004.01.17"]
[Round "2"]
[White "Evchin,M"]
[Black "Galinsky,T"]
[Result "0-1"]
[WhiteElo "2256"]
[BlackElo "2430"]

1.e4 g6 2.d4 Bg7 3.Nc3 c6 4.Bc4 d6 5.Qf3 e6 6.Nge2 Nf6 7.a4 O-O 8.O-O d5
9.exd5 cxd5 10.Bb3 Nc6 11.Rd1 b6 12.Bg5 h6 13.Bh4 Ba6 14.Nb5 Na5 15.Nc1 Nxb3
16.Qxb3 g5 17.Bg3 Ne4 18.Na2 Qd7 19.Nac3 Nxg3 20.hxg3 Rfc8 21.Ne2 Bb7 22.Na3 Bf8
23.c3 Ba6 24.Nc1 Re8 25.Nd3 f6 26.Nb4 Be2 27.Rd2 Bh5 28.Nac2 a5 29.Nd3 Bf7
30.Ne3 Rab8 31.f4 Bg6 32.Rf1 Bg7 33.g4 Bxd3 34.Rxd3 gxf4 35.Rxf4 b5 36.axb5 Rxb5
37.Qa2 Qf7 38.Rf2 Qg6 39.Rdd2 h5 40.c4 dxc4 41.Qxc4 Rg5 42.d5 hxg4 43.dxe6 g3
44.Rf4 Re5 45.Rd8 Kf8 46.Nf5 Rxd8 47.e7+ Rxe7 48.Nxe7 Rd1+  0-1